| 000 | 00551nam a22001697a 4500 | ||
|---|---|---|---|
| 003 | OSt | ||
| 005 | 20260128062858.0 | ||
| 008 | 260128b |||||||| |||| 00| 0 eng d | ||
| 020 | _a971-87-05-66-x. | ||
| 040 |
_aDWC-Main lib. _cOC |
||
| 082 |
_21st ed. _aSC. 412 D685 2001 |
||
| 245 |
_aDokumentasyon ng mga batas pangwika, komisyon sa wikang filipino at iba pang kaugnay na batas: _b 1935-2000/ |
||
| 250 | _a1st ed. | ||
| 260 |
_aManila: _bKomisyon Sa Wikang Filipino, _cc2001 |
||
| 300 |
_a963 p. ; _c25 cm. |
||
| 942 |
_2ddc _cSC _e1st ed. _hSC. _n0 |
||
| 999 |
_c7904 _d7904 |
||